April 17th: Birthdays - Statistics

General Stats
  • This quiz has been taken 4 times
  • The average score is 2 of 9
Answer Stats
Year Clue Answer % Correct
1974 Posh Spice Victoria Beckham
100%
1972 Actor on Alias Jennifer Garner
25%
1897 Author of Bridge of San Luis Rey Thornton Wilder
25%
1820 Known as inventor of Baseball Alexander Cartwright
0%
1923 Newscaster for CBS Harry Reasoner
0%
1837 Founder of General Electric JP Morgan
0%
1620 Founder of Congregation of Notre Dame Marguerite Bourgeoys
0%
1961 Prime Minister of Sri Lanka Sirimavo Bandaranaike
0%
1918 Actor in Sabrina William Holden
0%
No matching quizzes found
Score Distribution
Percent of People with Each Score
Percentile by Number Answered
Your Score History
You have not taken this quiz